| 000 | 00963cam a2200277 a 4500 | ||
|---|---|---|---|
| 999 |
_c25600 _d25600 |
||
| 001 | 1828724 | ||
| 003 | OSt | ||
| 005 | 20170201081107.0 | ||
| 008 | 810727s1980 xx a 001 0 eng | ||
| 010 | _a 80082639 | ||
| 020 | _a0937486000 | ||
| 020 | _a0937486019 (pbk.) | ||
| 040 |
_aDLC _cDLC _dDLC |
||
| 043 | _an-us-wi | ||
| 050 | 0 | 0 |
_aNA6880.5.U62 _bR333 1980 |
| 082 | 0 | 0 |
_a708.175/96 _219 |
| 245 | 0 | 4 |
_aThe Council House : _bthe international conference center of S.C. Johnson and Son, Inc., Racine, Wisconsin / _ceditor, Lee Nordness. |
| 260 |
_a[S.l.] : _bPerimeter Press, _cc1980. |
||
| 300 |
_a230 p. : _bill. (some col.) ; _c28 cm. |
||
| 500 | _aIncludes indexes. | ||
| 610 | 2 | 0 | _aCouncil House (Racine, Wis.) |
| 610 | 2 | 0 |
_aS.C. Johnson and Son _xBuildings. |
| 700 | 1 | _aNordness, Lee. | |
| 906 |
_a7 _bcbc _corignew _d2 _eopcn _f19 _gy-gencatlg |
||
| 942 |
_2lcc _cBOOKS _hNA 6880.5 .U62R333 1980 |
||